000 01129nam0a22002291 4500
001 rc\4279538
005 20260407081402.0
035 _a(NLR Aleph) 008244907
090 _a8299979
_c8299979
100 _a20130416a19579999|||y0rusy50 ca
101 0 _arus
102 _aRU
105 _ay z |||||
200 1 _aЛисток технической информации
_eОрган Отд. изобретательства и техн. информации
_fМПС СССР. Ордена Ленина и Ордена Труд. Красного Знамени Балт. завод им. С. Орджоникидзе
210 _aЛенинград
_cБ. и.
_d1957-
710 0 2 _aБалтийский завод им. С. Орджоникидзе
_cЛенинград
_3RU\NLR\AUTH\8810041897
_9583148
801 0 _aRU
_bNLR
_gpsbo
801 1 _aRU
_bELAR
_2rusmarc
830 _aПеречень имеющихся в библиотеке томов, номеров, годов этого издания смотри в каталоге периодических изданий
852 _aNLR
_jП10/1843
942 _cBOOK
980 _aNB